The disposal of heritage assets (Record no. 110874)
[ view plain ]
| 000 -LEADER | |
|---|---|
| fixed length control field | 01189cad a22002175a 4500 |
| 001 - CONTROL NUMBER | |
| control field | E150446 |
| 008 - FIXED-LENGTH DATA ELEMENTS--GENERAL INFORMATION | |
| fixed length control field | 100715s2010 xxk f 000 0 eng d |
| 035 ## - SYSTEM CONTROL NUMBER | |
| System control number | (Sirsi) u150446 |
| 041 0# - LANGUAGE CODE | |
| Language code of text/sound track or separate title | eng |
| 110 2# - MAIN ENTRY--CORPORATE NAME | |
| Corporate name or jurisdiction name as entry element | English Heritage |
| 9 (RLIN) | 2714 |
| 245 04 - TITLE STATEMENT | |
| Title | The disposal of heritage assets |
| Remainder of title | guidance note for government departments and non-departmental public bodies |
| Medium | [electronic resource] |
| 260 ## - PUBLICATION, DISTRIBUTION, ETC. | |
| Place of publication, distribution, etc. | London |
| Name of publisher, distributor, etc. | English Heritage |
| Date of publication, distribution, etc. | 2010 |
| 520 ## - SUMMARY, ETC. | |
| Summary, etc. | Sets out guidance on the disposal of heritage assets by central government bodies in England. Replaces the 1999 guidance note on the disposal of historic buildings. The guidance applies to a range of asset types including historic buildings, monuments, memorials, archaeological remains, designed landscapes, battlefields and wrecks. |
| 590 ## - LOCAL NOTE (RLIN) | |
| Local note | KA |
| 651 #4 - SUBJECT ADDED ENTRY--GEOGRAPHIC NAME | |
| Geographic name | England |
| Chronological subdivision | 886- |
| 690 ## - LOCAL SUBJECT ADDED ENTRY--TOPICAL TERM (OCLC, RLIN) | |
| Topical term or geographic name as entry element | BUILT ENVIRONMENT-BUILDING TYPES-ANCIENT MONUMENTS AND HISTORIC BUILDINGS |
| 710 1# - ADDED ENTRY--CORPORATE NAME | |
| Corporate name or jurisdiction name as entry element | Office of Government Commerce |
| 9 (RLIN) | 3987 |
| 710 1# - ADDED ENTRY--CORPORATE NAME | |
| Corporate name or jurisdiction name as entry element | Department for Culture, Media and Sport |
| 9 (RLIN) | 3525 |
| 856 40 - ELECTRONIC LOCATION AND ACCESS | |
| Uniform Resource Identifier | <a href="https://www.helm.org.uk/upload/pdf/Guidance_on_disposals_June_2010.pdf?1278416960">https://www.helm.org.uk/upload/pdf/Guidance_on_disposals_June_2010.pdf?1278416960</a> |
| Public note | View the guidance free of charge at www.helm.org.uk |
| 942 ## - ADDED ENTRY ELEMENTS (KOHA) | |
| Suppress in OPAC | 0 |
| Withdrawn status | Lost status | Source of classification or shelving scheme | Damaged status | Not for loan | Home library | Current library | Shelving location | Date acquired | Total Checkouts | Full call number | Barcode | Date last seen | Copy number | Price effective from | Koha item type |
|---|---|---|---|---|---|---|---|---|---|---|---|---|---|---|---|
| Dewey Decimal Classification | Virtual | Virtual | Online | 15/07/2010 | ONLINE PUBLICATION | 150446-2001 | 06/08/2019 | 1 | 06/08/2019 | Book |